Anthropology : theoretical practice in culture and society

Αποθηκεύτηκε σε:
Λεπτομέρειες βιβλιογραφικής εγγραφής
Κύριος συγγραφέας: Herzfeld, Michael, 1947-
Μορφή: Βιβλίο
Γλώσσα:English
Δημοσίευση: Malden, Mass. : Blackwell, 2002.
Θέματα:
Ετικέτες: Προσθήκη ετικέτας
Δεν υπάρχουν, Καταχωρήστε ετικέτα πρώτοι!

MARC

LEADER 00000nam a2200000 a 4500
001 1/125765
008 221222s2002####us | ||| |||| ||eng||
020 |a 0631206590 
040 |a GR-MyUa  |b gre  |c GR-MyUa  |e AACR2 
041 0 |a eng 
082 7 |a 306  |2 (23) 
100 1 |a Herzfeld, Michael,   |d 1947- 
245 1 0 |a Anthropology :   |b theoretical practice in culture and society /   |c Michael Herzfeld.  
260 |a Malden, Mass. :   |b Blackwell,   |c 2002.  
300 |a xvi, 368 σ. ;   |c 25 εκ.  
504 |a Βιβλιογραφία: σ. 316-353.  
650 0 |a Ethnology  |x Philosophy. 
650 0 |a Ethnology  |x Methodology. 
852 |a INST  |b LESVOS  |e 20221222  |h 306 HER  |p 005100063996  |q 005100063996  |t BK  |y 0 
970 |a Δημάκη  |b Μαρία  |z 22-12-2022